| 000 | 01158cam a2200313 a 4500 | ||
|---|---|---|---|
| 999 |
_c22523 _d22523 |
||
| 001 | 14115664 | ||
| 003 | BDDh-ASL | ||
| 005 | 20231015030135.0 | ||
| 008 | 050921r19721942ii b 001 0 eng | ||
| 010 | _a 2005470182 | ||
| 040 |
_aDLC _cDLC _dDLC _dBDDh-ASL |
||
| 050 | 0 | 0 |
_aDS461 _b.A95 1972 |
| 082 |
_a954.02 _bAZM |
||
| 100 | 1 |
_aAziz, Abdul, _d1884-1970. |
|
| 245 | 1 | 4 |
_aThe Mug̲h̲ul Indian court and its institutions / _cby Abdul Aziz. |
| 260 |
_aDelhi : _bIdarah-i Adabiyāt-i Delli, _c1972. |
||
| 300 |
_a 242 p. ; _c22 cm. |
||
| 500 | _aDescription based on: v. 2. | ||
| 500 | _aReprint. Originally published: Lahore : A. Aziz, 1942-<1946> | ||
| 504 | _aIncludes bibliographical references and index. | ||
| 505 | 1 | _a1. The mansabdārī system and the Mug̲h̲ul army -- 2. The imperial treasury of the Indian Mug̲h̲uls | |
| 650 | 0 |
_aNobility _zMogul Empire. |
|
| 651 | 0 |
_aMogul Empire _xHistory. |
|
| 651 | 0 |
_aMogul Empire _xPolitics and government. |
|
| 651 | 0 |
_aMogul Empire _xCourt and courtiers. |
|
| 906 |
_a7 _bcbc _corignew _d3 _encip _f20 _gy-gencatlg |
||
| 942 |
_2ddc _cBK |
||